Monedas mas importantes del mundo - Estadísticas

Estadísticas generales
  • Esta prueba ha sido intentada 118 veces
  • La puntuación promedio es 6 de 12
Estadísticas de respuestas
Hint Respuesta % Correcto
EUR Euro
100%
USD Dólar estadounidense
71%
MXN Peso Mexicano
71%
GBP Libra esterlina
70%
JPY Yen japones
63%
AUD Dólar Australiano
60%
CAD Dólar Canadiense
54%
NZD Dólar Neozelandés
48%
CHF Franco Suizo
43%
BRL Real Brasileño
36%
HKD Dolar de Hong Kong
16%
CNH Renminbi Chino
5%
No se encontraron pruebas coincidentes
Distribución de puntuación
Porcentaje de gente con cada puntuación
Porcentaje por número respondido
Historial de tus puntuaciones
No has intentado esta prueba.